000 00441nam a22001817a 4500
999 _c525514
_d525514
003 NUST
020 _a-
038 _aZafar Malik
082 _a891.423
_bRAN
100 _aRana, Nasir
_916222
245 _aPainda \
_cNasir Rana
260 _aLahore :
_bPakistan Punjabi Fiqri Sanjh ;
_c1984.
300 _a107 p. ;
500 _aHardcover
880 _6100-02\r
_aناصر رانا
880 _6245-02\r
_aپینڈا
942 _2ddc
_cBK